| 000 | 00504cam a2200205ua 4500 | ||
|---|---|---|---|
| 001 | 886 | ||
| 005 | 20260515113234.0 | ||
| 008 | 110421n ii |||gr||||Z||||||eng | ||
| 020 | _a81-7040-450-9 | ||
| 040 | _cMAIN | ||
| 082 | _a350.954 | ||
| 245 | 1 |
_aIndian administration. _cBy S Arbind. |
|
| 250 | _a1st. | ||
| 260 |
_aBombay.: _bHimalaya publishing house.,992. |
||
| 300 |
_a208: _c20 cm. |
||
| 653 | _aPolitical science. | ||
| 653 | _aIndian administration. | ||
| 700 | _aArbind, S., | ||
| 942 | _cBK | ||
| 999 |
_c809 _d809 |
||